Lịch sử văn hoá Việt Nam truyền thống giản yếu
Dẫn luận văn hóa- đại cương văn hóa Việt Nam truyền thống; lược trình văn hóa Việt truyền thống. Đề cập đến đời sống vật chất-kinh tế; đời sống xã hội - chính trị; đời sống tư tưởng - tâm linh; đời sống văn hóa - nghệ thuật; cộng đồng văn hóa Việt Nam....
Đã lưu trong:
| Tác giả chính: | |
|---|---|
| Định dạng: | Sách |
| Năm xuất bản: |
H.
Đại học Quốc gia
1999
|
| Chủ đề: | |
| Tags: |
Thêm thẻ
Không có thẻ, Hãy là người đầu tiên gắn thẻ bản ghi này!
|
| LEADER | 01699nam a2200217 4500 | ||
|---|---|---|---|
| 999 | |c 8216 |d 8216 | ||
| 082 | |a 306.09597 |b NG527TH | ||
| 100 | |a Nguyễn Thừa Hỷ | ||
| 245 | |a Lịch sử văn hoá Việt Nam truyền thống giản yếu |c Nguyễn Thừa Hỷ | ||
| 260 | |a H. |b Đại học Quốc gia |c 1999 | ||
| 300 | |a 151 tr. |c 21 cm. | ||
| 520 | |a Dẫn luận văn hóa- đại cương văn hóa Việt Nam truyền thống; lược trình văn hóa Việt truyền thống. Đề cập đến đời sống vật chất-kinh tế; đời sống xã hội - chính trị; đời sống tư tưởng - tâm linh; đời sống văn hóa - nghệ thuật; cộng đồng văn hóa Việt Nam. | ||
| 653 | |a Văn hoá | ||
| 653 | |a Việt Nam | ||
| 653 | |a Lịch sử | ||
| 942 | |2 ddc |c STK0 | ||
| 952 | |0 0 |1 0 |2 ddc |4 0 |6 306_095970000000000_NG527TH |7 0 |8 300 |9 69411 |a qbu |b qbu |c D2 |d 2015-04-03 |g 11000 |o 306.09597 NG527TH |p 8274..c1 |w 2015-04-03 |y STK0 |0 0 |6 306_000000000000000_NG527TH | ||
| 952 | |0 0 |1 0 |2 ddc |4 0 |6 306_095970000000000_NG527TH |7 0 |8 300 |9 69412 |a qbu |b qbu |c D2 |d 2015-04-03 |g 11000 |o 306.09597 NG527TH |p 8274..c2 |w 2015-04-03 |y STK0 |0 0 |6 306_000000000000000_NG527TH | ||
| 952 | |0 0 |1 0 |2 ddc |4 0 |6 306_095970000000000_NG527TH |7 0 |8 300 |9 69413 |a qbu |b qbu |c D2 |d 2015-04-03 |g 11000 |o 306.09597 NG527TH |p 8274..c3 |w 2015-04-03 |y STK0 |0 0 |6 306_000000000000000_NG527TH | ||
| 952 | |0 0 |1 0 |2 ddc |4 0 |6 306_095970000000000_NG527TH |7 0 |8 300 |9 69414 |a qbu |b qbu |c D2 |d 2015-04-03 |g 11000 |o 306.09597 NG527TH |p 8274..c4 |w 2015-04-03 |y STK0 |0 0 |6 306_000000000000000_NG527TH | ||
| 952 | |0 0 |1 0 |2 ddc |4 0 |6 306_095970000000000_NG527TH |7 0 |8 300 |9 92022 |a qbu |b qbu |c D2 |d 2015-08-25 |g 12500 |o 306.09597 NG527TH |p 8274.c5 |w 2015-08-25 |y STK0 |0 0 |6 306_000000000000000_NG527TH | ||